BUILDING SITE (Record no. 4918)
[ view plain ]
| 000 -LEADER | |
|---|---|
| fixed length control field | 00334nam a22001457a 4500 |
| 020 ## - INTERNATIONAL STANDARD BOOK NUMBER | |
| ISBN | 1-9043-5161-1 |
| 082 ## - DEWEY DECIMAL CLASSIFICATION NUMBER | |
| Classification number | 823 |
| Item number | HOR/BHORSLEY, LORRAINE |
| 100 ## - MAIN ENTRY--AUTHOR NAME | |
| Personal name | HORSLEY, LORRAINE |
| 245 ## - TITLE STATEMENT | |
| Title | BUILDING SITE |
| 260 ## - PUBLICATION, DISTRIBUTION, ETC. (IMPRINT) | |
| Place of publication | UK |
| Name of publisher | LADYBIRD |
| 300 ## - PHYSICAL DESCRIPTION | |
| Number of Pages | 29 |
| 520 ## - SUMMARY, ETC. | |
| Summary, etc | ENGLISH SHORT STORY |
| 650 ## - SUBJECT ADDED ENTRY--TOPICAL TERM | |
| Topical Term | ENGLISH SHORT STORY |
| Geographic subdivision | UK |
| 942 ## - ADDED ENTRY ELEMENTS (KOHA) | |
| Koha item type | Books |
| Withdrawn status | Lost status | Collection code | Home library | Current library | Shelving location | Date acquired | Source of acquisition | Full call number | Accession Number | Koha item type |
|---|---|---|---|---|---|---|---|---|---|---|
| Fiction | Main Library | Main Library | SHELF-3-H-LADYBIRD STORY BOOKS | 09/06/2015 | PURCHASE | 823 HOR/BHORSLEY, LORRAINE | 09402 | Books | ||
| Fiction | Main Library | Main Library | 14/05/2014 | PURCHASE | 823 HOR/BHORSLEY, LORRAINE | 08970 | Books |